Aletheia

Furkejuvvon:
Bibliográfalaš dieđut
Materiálatiipa: Elektrovnnalaš Áigepublikašuvdna
Giella:meroštallameahttun
Fáttát:
Liŋkkat:Full text available from Latin America & Iberia Database: 01/01/2010 to 01/31/2020
Fáddágilkorat: Lasit fáddágilkoriid
Eai fáddágilkorat, Lasit vuosttaš fáddágilkora!

MARC

LEADER 00000nas a2200000Ia 4500
001 ssj0003178776
003 WaSeSS
005 20240517042148.0
006 m d
007 cr n
008 240422c99999999xx |||||s|||||| ||und||
022 |a 1853-3701 
035 |a (WaSeSS)ssj0003178776 
040 |d WaSeSS 
245 0 0 |a Aletheia  |h [electronic resource] 
506 |a License restrictions may limit access. 
655 0 |a Electronic journals. 
856 4 0 |z Full text available from Latin America & Iberia Database: 01/01/2010 to 01/31/2020  |u https://wwwproquest.unach.elogim.com/intermediateredirectforezproxy